000 00239nam a2200109Ia 4500
008 220204s9999 xx 000 0 und d
082 _a82-3
_bMAR
100 _aMarkham
245 0 _aColonel sun
260 _aLondon
_bPan
_c1974
942 _cBK
999 _c33937
_d33937